000
00328nam a22001337a 4500
008
160526b xxu||||| |||| 00| 0 eng d
020
_a
9780803623101
020
_a
08003623100
020
_a
9780803623101
041
_a
eng
080
_a
618.2
245
_a
Daviss drug guide for nursies
_c
Cynithia A. Sanoski;
942
_2
udc
_c
BK
999
_c
2427
_d
2427